|
|
|
|
| LEADER |
01609nam a22003017a 4500 |
| 001 |
39768 |
| 003 |
BD-DhAAL |
| 005 |
20221122145657.0 |
| 008 |
221018b2022 bg a|||| b||| 001 0 eng d |
| 999 |
|
|
|c 44974
|d 44974
|
| 020 |
|
|
|a 9789849675013
|
| 040 |
|
|
|a BD-DhAAL
|c BD-DhAAL
|
| 082 |
|
|
|a 954.9205092
|2 23
|
| 245 |
|
|
|a 50 years of Bangladesh :
|b a tale of a miracle /
|c edited by Sharif Uddin Ahmed
|
| 246 |
|
|
|a বাংলাদেশের ৫০ বছর :
|b একটি অলৌকিক কাহিনী
|
| 260 |
|
|
|a ঢাকা :
|b প্রথমা প্রকাশন,
|c ২০২২.
|
| 300 |
|
|
|a 503 pages :
|b illustrations, maps ;
|c 24 cm.
|
| 504 |
|
|
|a Includes bibliographical references and index.
|
| 541 |
|
|
|a Complimentary copy from Dr. Salehuddin Ahmed, Professor, BBS.
Development book agency
|e 39768, 40100
|
| 651 |
|
|
|a Bangladesh
|x Politics and government.
|9 51886
|
| 651 |
|
|
|a Bangladesh
|x History
|y Revolution, 1971.
|9 51887
|
| 651 |
|
|
|a Bangladesh
|x Economic conditions
|y Congresses.
|9 51888
|
| 651 |
|
|
|a Bangladesh
|x Social conditions
|y Congresses.
|9 51889
|
| 700 |
|
|
|a Ahmed, Sharif Uddin
|9 51890
|
| 852 |
|
|
|a Ayesha Abed Library
|c Bangabandhu Corner
|
| 942 |
|
|
|2 ddc
|c BK
|
| 952 |
|
|
|0 0
|1 0
|2 ddc
|4 0
|6 954_920509200000000_FIF
|7 0
|9 72100
|a BRACUL
|b BRACUL
|c BNC
|d 2022-10-18
|e Complimentary copy from Dr. Salehuddin Ahmed
|g 1500.00
|l 0
|o 954.9205092 FIF
|p 3010039768
|r 2022-10-18
|t 1
|w 2022-10-18
|y BK
|
| 952 |
|
|
|0 0
|1 0
|2 ddc
|4 0
|6 954_920509200000000_FIF
|7 0
|9 72386
|a BRACUL
|b BRACUL
|c GEN
|d 2022-11-22
|e Development Book Agency
|g 1350.00
|l 0
|o 954.9205092 FIF
|p 3010040100
|r 2022-11-22
|t 2
|v 1350.00
|w 2022-11-22
|y BK
|